Technologie a risk? Základem jsou data
Analýza dopadu nových technológií na risk management v bankovom sektore.
Saved in:
| Main Author: | |
|---|---|
| Format: | Book Chapter |
| Language: | Czech |
| Subjects: | |
| Tags: |
No Tags, Be the first to tag this record!
|
MARC
| LEADER | 00000naa a2200000 4500 | ||
|---|---|---|---|
| 001 | 0252829 | ||
| 005 | 20190404093705.6 | ||
| 041 | 0 | |a cze | |
| 044 | |a CZ | ||
| 245 | 1 | 0 | |a Technologie a risk? Základem jsou data |c Martina Sobková |
| 520 | |a Analýza dopadu nových technológií na risk management v bankovom sektore. | ||
| 610 | 2 | 0 | |a bankovníctvo |
| 610 | 2 | 0 | |a inteligencia umelá |
| 610 | 2 | 0 | |a dáta |
| 610 | 2 | 0 | |a technológie nové |
| 610 | 2 | 0 | |a technológie znalostné |
| 610 | 2 | 0 | |a technológie obrazové |
| 610 | 2 | 0 | |a risk management |
| 100 | 1 | |a Sobková, Martina | |